| 000 | 00501nam a22001577a 4500 | ||
|---|---|---|---|
| 005 | 20100927134515.0 | ||
| 008 | 100927t xxu||||| |||| 00| 0 eng d | ||
| 020 |
_a8170118972 _c28.00 |
||
| 082 | _aS | ||
| 100 |
_aRangachari, Devika _921972 |
||
| 245 |
_aGrowing up / _cby Devika Rangachari |
||
| 260 |
_aNew Delhi _bChildern Book Trust _c2000 |
||
| 300 |
_a112p. _c17cm (pbk) |
||
| 942 |
_2ddc _cCH _hS _mRAN |
||
| 999 |
_c47820 _d47820 |
||